000 01141nam a22003617a 4500
001 BR2020000569
003 BR-BrBNA
005 20230928105548.0
007 ta
008 230509b bl.||||| |||| 00| 0 por d
040 _aBR-BrBNA
_bpor
_cBiblioteca Nacional de Agricultura
041 _a(Por)
072 _aL10; L73
090 _ L10 BR2020000569
100 1 _aAzevedo, S.C. de
110 1 _aUniversidade Federal de Minas Gerais, Belo Horizonte, (Brasil). Escola de Veterinária
_0Tese (Mestre em Ciência Animal)
245 1 _aÔmega conotoxina MVIIC no tratamento do trauma medular agudo em ratos wistar
260 3 _aBelo Horizonte, MG (Brasil):
_c2018.
300 _a56 p.
500 _aBibliography p. 46-56 (146 ref.); Summaries (Eng, Por); 3 tables; 19 illus.
650 _aRATO
650 _aCOBAIA
650 _aANIMAL DE LABORATÓRIO
650 _aEXPERIÊNCIA DE LABORATÓRIO
650 _aDOENÇA ANIMAL
650 _aLESÃO
650 _aMEDULA ESPINAL
650 _aMEDICAMENTO
650 _aMOVIMENTO
650 _aFUNÇÃO FISIOLÓGICA
909 _a202309
_bLucia
_c55
_dLucia Elande
942 _cBK
999 _c85661
_d85661